The archaeology education handbook : sharing the past with kids
Αποθηκεύτηκε σε:
| Συγγραφή απο Οργανισμό/Αρχή: | |
|---|---|
| Άλλοι συγγραφείς: | , |
| Μορφή: | Βιβλίο |
| Γλώσσα: | English |
| Δημοσίευση: |
Walnut Creek :
Altamira Press,
2000
|
| Θέματα: | |
| Ετικέτες: |
Προσθήκη ετικέτας
Δεν υπάρχουν, Καταχωρήστε ετικέτα πρώτοι!
|
MARC
| LEADER | 00000nam a2200000 i 4500 | ||
|---|---|---|---|
| 001 | 1/77100 | ||
| 008 | 050525s2000 eng d | ||
| 020 | |a 0-7425-0252-X | ||
| 035 | |l 10078156 | ||
| 040 | |a GR-MY-UA |b gre |e aacr | ||
| 041 | 0 | |a eng | |
| 082 | 0 | |a 930.1071273 |2 (22) | |
| 245 | 1 | 4 | |a The archaeology education handbook : |b sharing the past with kids / |c edited by Karolyn Smardz, Shelley J. Smith |
| 260 | |a Walnut Creek : |b Altamira Press, |c 2000 | ||
| 300 | |a 447 σ.; |b εικ.; |c 23 εκ. | ||
| 504 | |a Περιέχει βιβλιογραφικές παραπομπές και ευρετήριο | ||
| 650 | 0 | 0 | |a Study and teaching (Elementary) |z United States. |
| 650 | 0 | 0 | |a Study and teaching (Secondary) |z United States. |
| 700 | 1 | |a Smardz Frost, Karolyn. |4 edt | |
| 700 | 1 | |a Smith, Shelley J. |4 edt | |
| 710 | 2 | |a Society for American Archaeology. | |
| 852 | |a INST |b LESVOS |e 20050525 |h 930.1071273 ARC |p 005100027646 |q 005100027646 |t BK |y 0 | ||
| 901 | |a BIBL1-2005-2 | ||
| 909 | |a Λ |b 113717 | ||
| 920 | |a ΔΙΕΥΡΥΝΣΗ |b ΕΠΕΑΕΚ-ΠΤΕ |y ΛΕΣΒΟΣ |z 2004-10 | ||
| 970 | |a ΜΑΡΙΝΑΤΟΥ |b ΜΥΡΣΙΝΗ |z 2005/05/25 | ||